000 00658nam a2200217Ia 4500
001 10083
003 GE_BSU
008 181216s||||||||xx |||||||||||||| ||und||
040 _cGE_BSU
080 _a821.353.1–22
100 _aპატარაია,ვ.
245 _aუჩა უჩარდია. კომედია ოთხ მოქმედებად
245 _cრედ.დ.ფანჩულიძე
260 _aთბილისი
260 _bსახელგამი
260 _c1951
300 _a67გვ.20სმ.
653 _aკომედია
653 _aუჩა უჩარდია
942 _cBK
999 _c43355
_d43355